000 00458nam a2200181Ia 4500
001 9153
005 20260306160702.0
008 260306t2005||||xx |||||||||||||| ||spa||
041 _aESP
082 _a373.113
_bC93 2007
100 _aCuadra, Ernesto
_eAUT
245 0 _aAmpliar oportunidades y construir competencias para los jóvenes
260 _c2005
300 _a302 páginas :
_ccm.
650 _aGEN
654 _aCED
942 _cLIB
_dJUS
_fJUS
_2ddc
_n
999 _c9153
_d9153